Tạp chí Khoa học công nghệ Việt Nam /
Shranjeno v:
| Format: | Revija |
|---|---|
| Jezik: | Vietnamese |
| Izdano: |
Hà Nội :
Bộ khoa học và công nghệ,
|
| Oznake: |
Označite
Brez oznak, prvi označite!
|
| Thư viện lưu trữ: | Thư viện Trường Đại học Đà Lạt |
|---|
| LEADER | 00583nam a2200229 4500 | ||
|---|---|---|---|
| 001 | DLU130146052 | ||
| 005 | ##20100525 | ||
| 022 | # | # | |a 1859-4794 |
| 040 | # | # | |a DLU |b vie |
| 041 | # | # | |a vie |
| 245 | # | # | |a Tạp chí Khoa học công nghệ Việt Nam / |c Bộ khoa học và công nghệ |
| 260 | # | # | |a Hà Nội : |b Bộ khoa học và công nghệ, |
| 300 | # | # | |a tr. ; |c 29cm |
| 310 | # | # | |a Một tháng hai kỳ |
| 994 | # | # | |a DLU |
| 900 | # | # | |a True |
| 911 | # | # | |a Hoàng Thị Huyền |
| 925 | # | # | |a G |
| 926 | # | # | |a A |
| 927 | # | # | |a TT |
| 980 | # | # | |a Thư viện Trường Đại học Đà Lạt |